| 000 | 00902nam a22003017a 4500 | ||
|---|---|---|---|
| 003 | CHAP | ||
| 005 | 20220329142414.0 | ||
| 008 | 001129d1999 us a r 00110 eng d | ||
| 010 | _a83020 | ||
| 011 | _a83992 | ||
| 020 | _a013754035 | ||
| 035 | _a94511 | ||
| 040 | _cCHAP | ||
| 082 | 0 | 4 |
_a632.5 _bR6 |
| 100 | 0 | 0 |
_aRoss Merrill A. _9100167 |
| 245 | 1 | 0 |
_aApplied weed science _c/by Merrill A. Ross & Carole A. Lembi |
| 260 |
_aNew Jersey, U.S. : _bPrentice Hall, _c1999. |
||
| 300 |
_a452 p. : _bilus. |
||
| 590 |
_aBATCH-UPD _b10 _c20130110 _lUCH01 _h0703 |
||
| 590 |
_aCONVERSION _b10 _c20130109 _lUCH01 _h1346 |
||
| 650 | 1 | 4 |
_aMalas hierbas _xControl. _970011 |
| 650 | 1 | 4 |
_aMalas hierbas _xE.U.A. _970016 |
| 700 | 0 |
_aLembi, Carole A. _965941 |
|
| 901 | _aBK | ||
| 905 | _aMayto Villalobos S. | ||
| 942 | _cLIBRO | ||
| 949 |
_a632.5 R6 _bBC _cLIBRO _d33724000800272 _eLIBRO _gI.2087974 _h97998 _i94511 _si |
||
| 999 |
_c83020 _d83020 |
||